000 01299cad a22002655a 4500
001 L141219
008 071105s2007 xxk f s 000 0 eng d
035 _a(Sirsi) u141219
041 0 _aeng
050 0 4 _a346.4104343 $2 18
110 2 _aBritish Property Federation
_91604
245 0 0 _aBPF/IPD annual lease review 2007
_h[electronic resource]
250 _a10th ed.
260 _aLondon
_bBPF
_aLondon
_bIPD
_c2007
490 0 _aBPF/IPD Annual Lease Review
_v2007
520 _aProvides a detailed analysis of lease lengths, break clauses, review cycles, rent free periods and income profiles. Incorporates the 9 580 new leases granted between January 2006 and March 2007. Suggests that landlords are negotiating shorter leases in order to maximise choice and flexibility, with average lease lengths falling from 6.2 years in 2005/6 to 5.7 years in 2006/7.
590 _aKA NTK
650 2 4 _aBPF/IPD ANNUAL LEASE REVIEW
650 2 4 _aUK COMMERCIAL PROPERTY
651 4 _aUnited Kingdom
_y
690 _aPROPERTY-COMMERCIAL PROPERTY-COMMERCIAL PROPERTY MARKET
710 2 _aInvestment Property Databank
_92288
856 4 0 _uhttps://www.bpf.org.uk/en/files/bpf_documents/commercial/BPF_IPD_Annual_Lease_Review_20071.pdf
_zView the review free of charge at www.bpf.org.uk...
942 _n0
999 _c107614
_d107614